000 00829aam a2200301 i 4500
001 768714001
003 CO-MdFUSB
005 20250519121330.0
007 ta
008 250519t1992 ck |||| |||| 00| 0 spa d
020 _a958-95318-4-9
040 _cCO-MdFUSB
041 0 _aspa
082 0 4 _223
_a248.244
_bL226s
245 1 0 _aSacerdotes católicos convertidos a Cristo
_c/ compilado por José J. Lambraño
250 _asegunda edición
264 1 _bBuena Semilla,
_aBogotá, Colombia :
_c[1992]
264 4 _c©1992
300 _a73 páginas
336 _atexto
_btxt
_2rdacontent
337 _2rdamedia
_asin mediación
_bn
338 _2rdacarrier
_avolumen
_bnc
563 _aRústico
650 0 _aConversión
_9950
700 _aLambraño, José J.,
_911518
_ecompilador
942 _cBK
945 _aJTF-925
999 _c40901
_d40901